[Event "XLIV Memoriał Szachowy Ludwika Zamenhofa 2025, Grupa A"]
[Site "Białystok, Poland"]
[Date "2025.12.29"]
[Round "6.20"]
[White "Karut, Kacper"]
[Black "Kiolbasa, Damian"]
[Result "1-0"]
[TimeControl "90'+30\""]
[WhiteElo "2148"]
[BlackElo "2079"]

1. e4 {[%clk 01:30:59]} c6 {[%clk 01:27:03]} {[%emt 00:03:58]} 2. d4 {[%clk
01:31:23]} {[%emt 00:00:05]} d5 {[%clk 01:27:27]} {[%emt 00:00:07]} 3. Nc3
{[%clk 01:31:49]} {[%emt 00:00:03]} dxe4 {[%clk 01:27:52]} {[%emt 00:00:05]} 4.
Nxe4 {[%clk 01:32:15]} {[%emt 00:00:04]} Nf6 {[%clk 01:28:17]} {[%emt
00:00:05]} 5. Nxf6+ {[%clk 01:32:40]} {[%emt 00:00:06]} exf6 {[%clk 01:28:44]}
{[%emt 00:00:03]} 6. c3 {[%clk 01:33:03]} {[%emt 00:00:07]} Bd6 {[%clk
01:29:10]} {[%emt 00:00:03]} 7. Bd3 {[%clk 01:33:29]} {[%emt 00:00:04]} O-O
{[%clk 01:29:35]} {[%emt 00:00:05]} 8. Qc2 {[%clk 01:33:56]} {[%emt 00:00:03]}
Re8+ {[%clk 01:30:02]} {[%emt 00:00:03]} 9. Ne2 {[%clk 01:34:21]} {[%emt
00:00:04]} h5 {[%clk 01:30:29]} {[%emt 00:00:04]} 10. Be3 {[%clk 01:34:16]}
{[%emt 00:00:35]} h4 {[%clk 01:30:22]} {[%emt 00:00:37]} 11. O-O-O {[%clk
01:32:02]} {[%emt 00:02:44]} Nd7 {[%clk 01:30:51]} {[%emt 00:00:02]} 12. g3
{[%clk 01:25:33]} {[%emt 00:06:58]} h3 {[%clk 01:31:12]} {[%emt 00:00:09]} 13.
Nf4 {[%clk 01:22:07]} {[%emt 00:03:55]} Nf8 {[%clk 01:31:39]} {[%emt 00:00:04]}
14. Bf5 {[%clk 01:03:28]} {[%emt 00:19:09]} Qa5 {[%clk 01:31:11]} {[%emt
00:00:59]} 15. Bxc8 {[%clk 01:03:00]} {[%emt 00:00:58]} Raxc8 {[%clk 01:31:39]}
{[%emt 00:00:02]} 16. Kb1 {[%clk 01:03:09]} {[%emt 00:00:21]} Bxf4 {[%clk
01:28:09]} {[%emt 00:04:00]} 17. gxf4 {[%clk 01:01:22]} {[%emt 00:02:17]} f5
{[%clk 01:22:10]} {[%emt 00:06:30]} 18. d5 {[%clk 00:48:16]} {[%emt 00:13:35]}
Re4 {[%clk 01:21:12]} {[%emt 00:01:29]} 19. Qb3 {[%clk 00:46:22]} {[%emt
00:02:24]} Qa6 {[%clk 01:18:52]} {[%emt 00:02:49]} 20. Rhg1 {[%clk 00:41:05]}
{[%emt 00:05:47]} c5 {[%clk 01:18:18]} {[%emt 00:01:04]} 21. d6 {[%clk
00:38:16]} {[%emt 00:03:19]} c4 {[%clk 01:17:43]} {[%emt 00:01:05]} 22. Qb4
{[%clk 00:36:46]} {[%emt 00:02:00]} Re6 {[%clk 01:01:07]} {[%emt 00:17:06]} 23.
d7 {[%clk 00:29:19]} {[%emt 00:07:58]} Rd8 {[%clk 01:00:56]} {[%emt 00:00:40]}
24. Qc5 {[%clk 00:29:45]} {[%emt 00:00:04]} Qc6 {[%clk 00:58:29]} {[%emt
00:02:57]} 25. Qxf5 {[%clk 00:29:33]} {[%emt 00:00:41]} Rxd7 {[%clk 00:58:33]}
{[%emt 00:00:27]} 26. Bd4 {[%clk 00:21:10]} {[%emt 00:08:53]} Rg6 {[%clk
00:58:22]} {[%emt 00:00:41]} 27. Qxh3 {[%clk 00:16:53]} {[%emt 00:04:47]} Qe4+
{[%clk 00:58:18]} {[%emt 00:00:34]} 28. Ka1 {[%clk 00:17:18]} {[%emt 00:00:05]}
Rxg1 {[%clk 00:50:15]} {[%emt 00:08:34]} 29. Rxg1 {[%clk 00:17:31]} {[%emt
00:00:17]} f5 {[%clk 00:50:43]} {[%emt 00:00:01]} 30. Qg2 {[%clk 00:11:48]}
{[%emt 00:06:13]} Qxg2 {[%clk 00:50:31]} {[%emt 00:00:42]} 31. Rxg2 {[%clk
00:12:17]} {[%emt 00:00:01]} b6 {[%clk 00:51:00]} {[%emt 00:00:02]} 32. a4
{[%clk 00:08:45]} {[%emt 00:04:02]} Ne6 {[%clk 00:51:19]} {[%emt 00:00:10]} 33.
Be3 {[%clk 00:08:38]} {[%emt 00:00:38]} Nd8 {[%clk 00:46:23]} {[%emt 00:05:26]}
34. Rg1 {[%clk 00:05:34]} {[%emt 00:03:33]} Nc6 {[%clk 00:45:16]} {[%emt
00:01:37]} 35. Ka2 {[%clk 00:05:39]} {[%emt 00:00:25]} Kf7 {[%clk 00:44:14]}
{[%emt 00:01:32]} 36. Ka3 {[%clk 00:05:19]} {[%emt 00:00:50]} Rd6 {[%clk
00:42:57]} {[%emt 00:01:47]} 37. Rc1 {[%clk 00:03:25]} {[%emt 00:02:24]} Rd5
{[%clk 00:40:07]} {[%emt 00:03:21]} 38. b3 {[%clk 00:03:07]} {[%emt 00:00:48]}
cxb3 {[%clk 00:39:26]} {[%emt 00:01:10]} 39. Kxb3 {[%clk 00:03:36]} {[%emt
00:00:01]} Nd8 {[%clk 00:39:05]} {[%emt 00:00:52]} 40. c4 {[%clk 00:03:23]}
{[%emt 00:00:42]} Rd3+ {[%clk 00:39:18]} {[%emt 00:00:16]} 41. Rc3 {[%clk
00:02:09]} {[%emt 00:01:45]} Rxc3+ {[%clk 00:36:56]} {[%emt 00:02:53]} 42. Kxc3
{[%clk 00:02:38]} Ne6 {[%clk 00:37:07]} {[%emt 00:00:18]} 43. Kb4 {[%clk
00:02:33]} {[%emt 00:00:35]} Nc7 {[%clk 00:27:17]} {[%emt 00:10:20]} 44. a5
{[%clk 00:02:31]} {[%emt 00:00:33]} Ke7 {[%clk 00:26:51]} {[%emt 00:00:56]} 45.
axb6 {[%clk 00:02:35]} {[%emt 00:00:26]} axb6 {[%clk 00:27:20]} {[%emt
00:00:01]} 46. Bxb6 {[%clk 00:02:48]} {[%emt 00:00:17]} Ne6 {[%clk 00:27:48]}
47. Be3 {[%clk 00:02:54]} {[%emt 00:00:24]} Kd7 {[%clk 00:28:14]} {[%emt
00:00:05]} 48. Kb5 {[%clk 00:02:50]} {[%emt 00:00:34]} g6 {[%clk 00:28:30]}
{[%emt 00:00:13]} 49. Kb6 {[%clk 00:02:54]} {[%emt 00:00:27]} Nd8 {[%clk
00:28:33]} {[%emt 00:00:26]} 50. Kc5 {[%clk 00:02:43]} {[%emt 00:00:41]} Ke6
{[%clk 00:24:36]} {[%emt 00:04:27]} 51. Bd2 {[%clk 00:03:01]} {[%emt 00:00:12]}
Nf7 {[%clk 00:24:54]} {[%emt 00:00:13]} 52. Kc6 {[%clk 00:02:24]} {[%emt
00:01:06]} Nd6 {[%clk 00:24:35]} {[%emt 00:00:49]} 53. c5 {[%clk 00:02:42]}
{[%emt 00:00:13]} Ne4 {[%clk 00:24:32]} {[%emt 00:00:33]} 54. Be3 {[%clk
00:02:48]} {[%emt 00:00:24]} Nf6 {[%clk 00:24:42]} {[%emt 00:00:19]} 55. Kb7
{[%clk 00:02:33]} {[%emt 00:00:44]} Ne8 {[%clk 00:25:11]} {[%emt 00:00:02]} 56.
c6 {[%clk 00:02:38]} {[%emt 00:00:25]} Kd6 {[%clk 00:24:50]} {[%emt 00:00:51]}
57. Bb6 {[%clk 00:01:59]} {[%emt 00:01:10]} Kd5 {[%clk 00:25:08]} {[%emt
00:00:11]} 58. c7 {[%clk 00:01:34]} {[%emt 00:00:56]} Ke4 {[%clk 00:24:31]}
{[%emt 00:01:07]} 59. Be3 {[%clk 00:01:49]} {[%emt 00:00:15]} Kf3 {[%clk
00:23:55]} {[%emt 00:01:06]} 60. c8=Q {[%clk 00:01:57]} {[%emt 00:00:21]} 1-0

[Event "XLIV Memoriał Szachowy Ludwika Zamenhofa 2025, Grupa A"]
[Site "Białystok, Poland"]
[Date "2025.12.29"]
[Round "6.21"]
[White "Kaczmarek, Arkadiusz"]
[Black "Wites, Adam"]
[Result "1-0"]
[TimeControl "90'+30\""]
[WhiteElo "2062"]
[BlackElo "2017"]

1. d4 {[%clk 01:30:56]} {[%emt 00:00:03]} Nf6 {[%clk 01:30:46]} {[%emt
00:00:13]} 2. c4 {[%clk 01:31:15]} {[%emt 00:00:12]} e6 {[%clk 01:31:11]}
{[%emt 00:00:05]} 3. Nf3 {[%clk 01:31:25]} {[%emt 00:00:20]} b6 {[%clk
01:31:11]} {[%emt 00:00:31]} 4. g3 {[%clk 01:31:24]} {[%emt 00:00:30]} Bb7
{[%clk 01:31:07]} {[%emt 00:00:36]} 5. Bg2 {[%clk 01:31:36]} {[%emt 00:00:16]}
Be7 {[%clk 01:31:14]} {[%emt 00:00:24]} 6. O-O {[%clk 01:31:46]} {[%emt
00:00:19]} O-O {[%clk 01:31:29]} {[%emt 00:00:16]} 7. Re1 {[%clk 01:32:03]}
{[%emt 00:00:12]} Ne4 {[%emt 00:00:30]} 8. Nfd2 {[%clk 01:32:09]} {[%emt
00:00:20]} d5 {[%clk 01:31:52]} {[%emt 00:00:11]} 9. Nxe4 {[%clk 01:32:10]}
{[%emt 00:00:30]} dxe4 {[%clk 01:32:17]} {[%emt 00:00:05]} 10. Nc3 {[%clk
01:32:22]} {[%emt 00:00:17]} f5 {[%clk 01:32:17]} {[%emt 00:00:31]} 11. Bf4
{[%clk 01:26:27]} {[%emt 00:06:23]} Bd6 {[%clk 01:27:08]} {[%emt 00:05:40]} 12.
Bxd6 {[%clk 01:14:25]} {[%emt 00:12:32]} Qxd6 {[%clk 01:26:11]} {[%emt
00:01:27]} 13. e3 {[%clk 01:14:31]} {[%emt 00:00:23]} a6 {[%clk 01:23:46]}
{[%emt 00:02:57]} 14. f3 {[%clk 01:12:17]} {[%emt 00:02:43]} exf3 {[%clk
01:19:34]} {[%emt 00:04:43]} 15. Bxf3 {[%clk 01:12:35]} {[%emt 00:00:11]} Bxf3
{[%clk 01:15:01]} {[%emt 00:05:04]} 16. Qxf3 {[%clk 01:12:52]} {[%emt
00:00:12]} Nd7 {[%clk 01:11:51]} {[%emt 00:03:40]} 17. Rad1 {[%clk 01:10:44]}
{[%emt 00:02:38]} Nf6 {[%clk 01:10:32]} {[%emt 00:01:50]} 18. b3 {[%clk
01:04:27]} {[%emt 00:06:46]} Rae8 {[%clk 00:58:36]} {[%emt 00:12:26]} 19. e4
{[%clk 00:55:04]} {[%emt 00:09:53]} fxe4 {[%clk 00:49:57]} {[%emt 00:09:09]} 20.
Nxe4 {[%clk 00:55:20]} {[%emt 00:00:14]} Nxe4 {[%clk 00:48:31]} {[%emt
00:01:57]} 21. Qxe4 {[%clk 00:55:35]} {[%emt 00:00:14]} Rf6 {[%clk 00:43:04]}
{[%emt 00:05:58]} 22. Re2 {[%clk 00:52:18]} {[%emt 00:03:46]} Ref8 {[%clk
00:42:03]} {[%emt 00:01:31]} 23. Kg2 {[%clk 00:50:05]} {[%emt 00:02:42]} Qd7
{[%clk 00:37:07]} {[%emt 00:05:27]} 24. d5 {[%clk 00:41:38]} {[%emt 00:08:58]}
Kh8 {[%clk 00:33:14]} {[%emt 00:04:23]} 25. Rdd2 {[%clk 00:36:09]} {[%emt
00:05:58]} exd5 {[%clk 00:30:40]} {[%emt 00:03:04]} 26. Rxd5 {[%clk 00:35:02]}
{[%emt 00:01:36]} Qf7 {[%clk 00:30:35]} {[%emt 00:00:36]} 27. Rdd2 {[%clk
00:30:46]} {[%emt 00:04:46]} Rf1 {[%clk 00:27:01]} {[%emt 00:04:04]} 28. Qe3
{[%clk 00:30:41]} {[%emt 00:00:35]} Qg6 {[%clk 00:23:02]} {[%emt 00:04:29]} 29.
Rf2 {[%clk 00:25:33]} {[%emt 00:05:37]} R1xf2+ {[%clk 00:23:02]} {[%emt
00:00:31]} 30. Rxf2 {[%clk 00:25:29]} {[%emt 00:00:33]} Qc6+ {[%clk 00:21:34]}
{[%emt 00:01:59]} 31. Kg1 {[%clk 00:24:29]} {[%emt 00:01:30]} Re8 {[%clk
00:18:57]} {[%emt 00:03:06]} 32. Qf3 {[%clk 00:24:19]} {[%emt 00:00:40]} Re1+
{[%clk 00:14:42]} {[%emt 00:04:45]} 33. Kg2 {[%clk 00:24:31]} {[%emt 00:00:18]}
Qxf3+ {[%clk 00:15:04]} {[%emt 00:00:09]} 34. Kxf3 {[%clk 00:22:35]} {[%emt
00:02:25]} Kg8 {[%clk 00:14:56]} {[%emt 00:00:38]} 35. Re2 {[%clk 00:20:44]}
{[%emt 00:02:21]} Rd1 {[%clk 00:11:35]} {[%emt 00:03:52]} 36. Re7 {[%clk
00:19:20]} {[%emt 00:01:53]} Rf1+ {[%clk 00:10:53]} {[%emt 00:01:10]} 37. Kg4
{[%clk 00:18:23]} {[%emt 00:01:28]} Rf2 {[%clk 00:09:56]} {[%emt 00:01:29]} 38.
Rxc7 {[%clk 00:18:20]} {[%emt 00:00:32]} Rxa2 {[%clk 00:10:03]} {[%emt
00:00:25]} 39. Rb7 {[%clk 00:17:32]} {[%emt 00:01:17]} b5 {[%clk 00:09:12]}
{[%emt 00:01:21]} 40. cxb5 {[%clk 00:12:51]} {[%emt 00:05:11]} axb5 {[%clk
00:09:37]} {[%emt 00:00:05]} 41. h4 {[%clk 00:12:37]} {[%emt 00:00:43]} Rb2
{[%clk 00:08:53]} {[%emt 00:01:15]} 42. Rxb5 {[%clk 00:12:49]} {[%emt
00:00:18]} Rf2 {[%clk 00:07:21]} {[%emt 00:02:02]} 43. Rb7 {[%clk 00:12:15]}
{[%emt 00:01:04]} h6 {[%clk 00:06:43]} {[%emt 00:01:08]} 44. b4 {[%clk
00:10:52]} {[%emt 00:01:53]} Kh7 {[%clk 00:06:17]} {[%emt 00:00:55]} 45. h5
{[%clk 00:09:27]} {[%emt 00:01:55]} Rh2 {[%clk 00:05:47]} {[%emt 00:01:00]} 46.
b5 {[%clk 00:09:09]} {[%emt 00:00:49]} Rb2 {[%clk 00:03:46]} {[%emt 00:02:31]}
47. Rb8 {[%clk 00:07:26]} {[%emt 00:02:13]} Rb4+ {[%clk 00:02:14]} {[%emt
00:02:03]} 48. Kf5 {[%clk 00:07:34]} {[%emt 00:00:21]} Rb3 {[%clk 00:02:39]}
{[%emt 00:00:06]} 49. g4 {[%clk 00:07:31]} {[%emt 00:00:30]} Rb4 {[%clk
00:01:57]} {[%emt 00:01:15]} 50. b6 {[%clk 00:05:39]} {[%emt 00:02:21]} Rc4
{[%clk 00:00:36]} {[%emt 00:01:51]} 51. Rd8 {[%clk 00:03:53]} {[%emt 00:02:15]}
Rb4 {[%clk 00:00:52]} {[%emt 00:00:15]} 52. Rd6 {[%clk 00:04:04]} {[%emt
00:00:18]} Rc4 {[%clk 00:00:41]} {[%emt 00:00:42]} 53. Ke6 {[%clk 00:02:53]}
{[%emt 00:01:40]} Rxg4 {[%clk 00:00:40]} {[%emt 00:00:32]} 54. Kd7 {[%clk
00:03:11]} {[%emt 00:00:11]} Rc4 {[%clk 00:00:33]} {[%emt 00:00:38]} 55. b7
{[%clk 00:03:31]} {[%emt 00:00:10]} Rb4 {[%clk 00:01:00]} {[%emt 00:00:04]} 56.
Kc7 {[%clk 00:03:51]} {[%emt 00:00:09]} Rc4+ {[%clk 00:01:18]} {[%emt
00:00:13]} 57. Rc6 {[%clk 00:04:11]} {[%emt 00:00:08]} 1-0

[Event "XLIV Memoriał Szachowy Ludwika Zamenhofa 2025, Grupa A"]
[Site "Białystok, Poland"]
[Date "2025.12.29"]
[Round "6.22"]
[White "Haladaj, Adam"]
[Black "Podgorski, Maciej"]
[Result "1-0"]
[TimeControl "90'+30\""]
[WhiteElo "2062"]
[BlackElo "2030"]

1. e4 {[%clk 01:30:58]} {[%emt 00:00:02]} e5 {[%clk 01:23:02]} {[%emt
00:07:59]} 2. Nf3 {[%clk 01:31:17]} {[%emt 00:00:10]} Nc6 {[%clk 01:23:28]}
{[%emt 00:00:04]} 3. d4 {[%clk 01:31:39]} {[%emt 00:00:07]} exd4 {[%clk
01:23:54]} {[%emt 00:00:05]} 4. Bc4 {[%clk 01:32:02]} {[%emt 00:00:07]} Nf6
{[%clk 01:23:31]} {[%emt 00:00:54]} 5. e5 {[%clk 01:32:27]} {[%emt 00:00:04]}
d5 {[%clk 01:23:57]} {[%emt 00:00:04]} 6. Bb5 {[%clk 01:32:54]} {[%emt
00:00:04]} Ne4 {[%clk 01:24:23]} {[%emt 00:00:03]} 7. Nxd4 {[%clk 01:33:18]}
{[%emt 00:00:06]} Bd7 {[%clk 01:24:49]} {[%emt 00:00:04]} 8. Bxc6 {[%clk
01:33:44]} {[%emt 00:00:05]} bxc6 {[%clk 01:25:16]} {[%emt 00:00:03]} 9. O-O
{[%clk 01:34:09]} {[%emt 00:00:05]} Be7 {[%clk 01:25:16]} {[%emt 00:00:29]} 10.
f3 {[%clk 01:33:56]} {[%emt 00:00:42]} Nc5 {[%clk 01:25:40]} {[%emt 00:00:06]}
11. f4 {[%clk 01:32:53]} {[%emt 00:01:35]} O-O {[%clk 01:25:43]} {[%emt
00:00:27]} 12. Be3 {[%clk 01:29:34]} {[%emt 00:03:48]} f6 {[%clk 01:25:40]}
{[%emt 00:00:34]} 13. Nd2 {[%clk 01:20:41]} {[%emt 00:09:23]} fxe5 {[%clk
01:25:38]} {[%emt 00:00:32]} 14. fxe5 {[%clk 01:21:09]} {[%emt 00:00:01]} Rxf1+
{[%clk 01:25:46]} {[%emt 00:00:22]} 15. Nxf1 {[%clk 01:21:04]} {[%emt
00:00:35]} Bf8 {[%clk 01:26:07]} {[%emt 00:00:10]} 16. Nb3 {[%clk 01:14:18]}
{[%emt 00:07:16]} Ne4 {[%clk 01:17:11]} {[%emt 00:09:25]} 17. Nfd2 {[%clk
01:09:47]} {[%emt 00:05:01]} Qh4 {[%clk 01:11:38]} {[%emt 00:06:03]} 18. Nxe4
{[%clk 00:57:58]} {[%emt 00:12:20]} Qxe4 {[%clk 01:11:56]} {[%emt 00:00:11]} 19.
Bd4 {[%clk 00:57:43]} {[%emt 00:00:45]} Bf5 {[%clk 01:06:45]} {[%emt 00:05:41]}
20. c3 {[%clk 00:54:34]} {[%emt 00:03:39]} Be7 {[%clk 01:01:36]} {[%emt
00:05:39]} 21. Qd2 {[%clk 00:51:08]} {[%emt 00:03:55]} Qg4 {[%clk 00:59:25]}
{[%emt 00:02:41]} 22. Re1 {[%clk 00:46:47]} {[%emt 00:04:51]} h5 {[%clk
00:59:28]} {[%emt 00:00:28]} 23. Qe2 {[%clk 00:46:16]} {[%emt 00:01:01]} Qg6
{[%clk 00:59:21]} {[%emt 00:00:37]} 24. Bc5 {[%clk 00:45:01]} {[%emt 00:01:45]}
Bh4 {[%clk 00:59:15]} {[%emt 00:00:36]} 25. Bf2 {[%clk 00:43:13]} {[%emt
00:02:17]} Bd3 {[%clk 00:57:48]} {[%emt 00:01:57]} 26. Qd2 {[%clk 00:40:58]}
{[%emt 00:02:46]} Bxf2+ {[%clk 00:56:58]} {[%emt 00:01:19]} 27. Qxf2 {[%clk
00:41:22]} {[%emt 00:00:06]} Rf8 {[%clk 00:55:33]} {[%emt 00:01:56]} 28. Qg3
{[%clk 00:38:41]} {[%emt 00:03:12]} Qf5 {[%clk 00:48:35]} {[%emt 00:07:28]} 29.
h4 {[%clk 00:35:11]} {[%emt 00:03:59]} Be4 {[%clk 00:48:16]} {[%emt 00:00:49]}
30. Nc5 {[%clk 00:24:11]} {[%emt 00:11:31]} Qf4 {[%clk 00:38:57]} {[%emt
00:09:48]} 31. Qxf4 {[%clk 00:22:10]} {[%emt 00:02:30]} Rxf4 {[%clk 00:39:21]}
{[%emt 00:00:07]} 32. Rf1 {[%clk 00:20:38]} {[%emt 00:02:03]} Rg4 {[%clk
00:37:21]} {[%emt 00:02:29]} 33. Rf2 {[%clk 00:20:51]} {[%emt 00:00:17]} Bg6
{[%clk 00:28:48]} {[%emt 00:09:03]} 34. e6 {[%clk 00:18:33]} {[%emt 00:02:48]}
Rc4 {[%clk 00:28:59]} {[%emt 00:00:19]} 35. Nd7 {[%clk 00:17:36]} {[%emt
00:01:27]} Re4 {[%clk 00:27:57]} {[%emt 00:01:32]} 36. Rf8+ {[%clk 00:17:18]}
{[%emt 00:00:48]} Kh7 {[%clk 00:28:20]} {[%emt 00:00:07]} 37. Rc8 {[%clk
00:16:45]} {[%emt 00:01:03]} Bf5 {[%clk 00:23:26]} {[%emt 00:05:22]} 38. Rxc7
{[%clk 00:16:54]} {[%emt 00:00:23]} Kh6 {[%clk 00:22:04]} {[%emt 00:01:52]} 39.
Rxc6 {[%clk 00:14:31]} {[%emt 00:02:53]} Rxe6 {[%clk 00:22:26]} {[%emt
00:00:08]} 40. Rxe6+ {[%clk 00:14:54]} {[%emt 00:00:08]} Bxe6 {[%clk 00:22:52]}
{[%emt 00:00:04]} 41. Nc5 {[%clk 00:14:42]} {[%emt 00:00:42]} Bc8 {[%clk
00:23:02]} {[%emt 00:00:19]} 42. Kf2 {[%clk 00:14:59]} {[%emt 00:00:13]} g5
{[%clk 00:23:24]} {[%emt 00:00:08]} 43. g3 {[%clk 00:14:56]} {[%emt 00:00:33]}
Kg6 {[%clk 00:23:36]} {[%emt 00:00:18]} 44. Kf3 {[%clk 00:14:53]} {[%emt
00:00:32]} Kf5 {[%clk 00:23:48]} {[%emt 00:00:18]} 45. b4 {[%clk 00:14:51]}
{[%emt 00:00:33]} gxh4 {[%clk 00:24:14]} {[%emt 00:00:05]} 46. gxh4 {[%clk
00:15:17]} {[%emt 00:00:04]} Ke5 {[%clk 00:24:31]} {[%emt 00:00:12]} 47. Nd3+
{[%clk 00:15:27]} {[%emt 00:00:19]} Kf5 {[%clk 00:24:17]} {[%emt 00:00:45]} 48.
Nf4 {[%clk 00:14:21]} {[%emt 00:01:36]} Bb7 {[%clk 00:24:33]} {[%emt 00:00:15]}
49. Nxh5 {[%clk 00:13:03]} {[%emt 00:01:47]} d4+ {[%clk 00:24:39]} {[%emt
00:00:25]} 50. Ke2 {[%clk 00:13:28]} {[%emt 00:00:05]} dxc3 {[%clk 00:24:28]}
{[%emt 00:00:41]} 51. Kd3 {[%clk 00:13:54]} {[%emt 00:00:04]} Kg4 {[%clk
00:24:17]} {[%emt 00:00:40]} 52. Nf6+ {[%clk 00:14:19]} {[%emt 00:00:05]} Kxh4
{[%clk 00:24:34]} {[%emt 00:00:14]} 53. Kxc3 {[%clk 00:14:13]} {[%emt
00:00:36]} Kg5 {[%clk 00:24:56]} {[%emt 00:00:08]} 54. Nd7 {[%clk 00:14:16]}
{[%emt 00:00:26]} Bc8 {[%clk 00:24:53]} {[%emt 00:00:34]} 55. Nb8 {[%clk
00:14:07]} {[%emt 00:00:39]} Bb7 {[%clk 00:24:33]} {[%emt 00:00:51]} 56. Kd4
{[%clk 00:14:11]} {[%emt 00:00:26]} Kf5 {[%clk 00:24:37]} {[%emt 00:00:26]} 57.
Kc5 {[%clk 00:14:28]} {[%emt 00:00:12]} Ke6 {[%clk 00:23:21]} {[%emt 00:01:45]}
58. Nc6 {[%clk 00:14:28]} {[%emt 00:00:30]} Kd7 {[%clk 00:23:16]} {[%emt
00:00:36]} 59. Nxa7 {[%clk 00:14:50]} {[%emt 00:00:09]} Kc7 {[%clk 00:23:35]}
{[%emt 00:00:10]} 60. Nb5+ {[%clk 00:15:13]} {[%emt 00:00:07]} Kb8 {[%clk
00:23:56]} {[%emt 00:00:09]} 61. Kb6 {[%clk 00:15:37]} {[%emt 00:00:06]} Ka8
{[%clk 00:23:22]} {[%emt 00:01:03]} 62. a4 {[%clk 00:15:37]} {[%emt 00:00:31]}
Bf3 {[%clk 00:23:31]} {[%emt 00:00:21]} 63. a5 {[%clk 00:15:57]} {[%emt
00:00:10]} 1-0